| 000 | 00618nam a2200157 4500 | ||
|---|---|---|---|
| 001 | 148869 | ||
| 003 | ES-MaACL | ||
| 005 | 20230906202841.0 | ||
| 007 | t| | ||
| 008 | 070214s1969 sp r ||||1| spa d | ||
| 110 | 2 |
_aMovimiento Nacional (España). _bComisaría para el Sindicato Español Universitario. _95777 |
|
| 245 | 1 | 0 | _aSugerencias que formula la Delegación Nacional-Comisaría para el S. E. U. al libro `La educación en España : bases para una política educativa`. |
| 260 |
_aMadrid : _b[s. n.], _c1969 ( _fSucesores de Rivadeneyra) |
||
| 300 |
_a15 p. ; _c27 cm. |
||
| 852 |
_aES-MaACL _j2069-F-9 _bR.69709 |
||
| 999 |
_c148869 _d148869 |
||